1049 1763 1187 1828 1129 1900 1028 1117 1239 1146 1509 1612 1897 1387 1541 1116 1685 1884 1824 1050 1208 1401 1360 1369 1119 1382 1305 1244 1976 1581 1509 1106 1576 1066 1702 1353 1066 1147 1274 1026 1031 1021 1402 1539 1897 1894 1818 1599 1991 1795 1782 1602 1903 1276 1265 1570 1711 1635 1857 1491 1294 1158 1384 1506 1423 1066 1448 1053 1418 1528 1632 1981 1689 1456 1790 1298 1331 1196 1214 1089 1003 1841 1825 1803 1223 1927 1428 1197 1523 1663 1601 1397 1417 1647 1296 1268 1893 1752 1003 BCNSPRNW ULIB Ver.6.0+V

เปลี่ยนเป็นภาษาไทย

Change to English
 แสดงรายละเอียดบรรณานุกรม
  กลับหน้าหลัก

Brief Record : Get Marc (ISO 2709) : E-mail record : QR code < ปิดหน้าต่าง
LEADER : 00000nam 2200000uu 4500
001    13399124043
003     ULIB
008    150105s2556||||th 000 0 tha d
020    ^a9789741382651
060 04 ^aWB13^bป446ค
100 0  ^aปราณี ทู้ไพเราะ
245 10 ^aคำศัพท์-คำย่อทางการแพทย์ =^bMedical vocabulary &abbreviation /^cปราณี ทู้ไพเราะ
246 31 ^aMedical vocabulary & abbreviation
250    ^aพิมพ์ครั้งที่ 7(ปรับปรุงครั้งที่ 3)
260    ^aกรุงเทพฯ :^bN P Press,^c2556
300    ^a634 หน้า ;^c21 ซม.
650  7 ^aการแพทย์^xคำย่อ
650  7 ^aการแพทย์^xคำศัพท์
650  7 ^aแพทยศาสตร์^xคำย่อ
650  7 ^aแพทยศาสตร์^xคำศัพท์
945    ^p350^l0^i037888
945    ^p350^l0^i037889
945    ^p350^l0^i037890
945    ^p350^l0^i037891
945    ^p350^l0^i037892
945    ^p350^l0^i037893
945    ^p350^l0^i037894
945    ^p350^l0^i037895
945    ^p350^l0^i037896
945    ^p350^l0^i037897
999    ^aเกษร โพธิ์สุวรรณ
รายการนี้ยังไม่มีแท็ก
คุณยังไม่ได้ล็อกอิน คุณสามารถมีกิจกรรมร่วมกับเว็บไซต์ได้ แต่ต้องล็อกอินก่อน ::
  ล็อกอิน

รายการสื่อสารสนเทศ

ลำดับที่ ประเภท เลขเรียก/บาร์โค้ด สถานที่ สถานะ
1. วิทยาศาสตร์การแพทย์ และสุขภาพ
หนังสือสำรอง
สถานะ=หนังสือสำรอง
WB13 ป446ค ฉ.1 
  Barcode: 037888
ห้องสมุดวิทยาเขตสวรรค์ประชารักษ์
►ส่วนจัดเก็บหนังสือเก่า สปร
บนชั้น
  ขอยืม
2. วิทยาศาสตร์การแพทย์ และสุขภาพ
วิทยาศาสตร์การแพทย์ และสุขภาพ
WB13 ป446ค ฉ.10 
  Barcode: 037897
ห้องสมุดวิทยาเขตสวรรค์ประชารักษ์
►ส่วนจัดเก็บหนังสือเก่า สปร
บนชั้น
  ขอยืม
3. วิทยาศาสตร์การแพทย์ และสุขภาพ
วิทยาศาสตร์การแพทย์ และสุขภาพ
WB13 ป446ค ฉ.2 
  Barcode: 037889
ห้องสมุดวิทยาเขตสวรรค์ประชารักษ์
►ส่วนจัดเก็บหนังสือเก่า สปร
บนชั้น
  ขอยืม
4. วิทยาศาสตร์การแพทย์ และสุขภาพ
วิทยาศาสตร์การแพทย์ และสุขภาพ
WB13 ป446ค ฉ.3 
  Barcode: 037890
ห้องสมุดวิทยาเขตสวรรค์ประชารักษ์
►ส่วนจัดเก็บหนังสือเก่า สปร
บนชั้น
  ขอยืม
5. วิทยาศาสตร์การแพทย์ และสุขภาพ
วิทยาศาสตร์การแพทย์ และสุขภาพ
WB13 ป446ค ฉ.4 
  Barcode: 037891
ห้องสมุดวิทยาเขตสวรรค์ประชารักษ์
►ส่วนจัดเก็บหนังสือเก่า สปร
บนชั้น
  ขอยืม
6. วิทยาศาสตร์การแพทย์ และสุขภาพ
วิทยาศาสตร์การแพทย์ และสุขภาพ
WB13 ป446ค ฉ.5 
  Barcode: 037892
ห้องสมุดวิทยาเขตสวรรค์ประชารักษ์
►ส่วนจัดเก็บหนังสือเก่า สปร
บนชั้น
  ขอยืม
7. วิทยาศาสตร์การแพทย์ และสุขภาพ
วิทยาศาสตร์การแพทย์ และสุขภาพ
WB13 ป446ค ฉ.7 
  Barcode: 037894
ห้องสมุดวิทยาเขตสวรรค์ประชารักษ์
►ส่วนจัดเก็บหนังสือเก่า สปร
บนชั้น
  ขอยืม
8. วิทยาศาสตร์การแพทย์ และสุขภาพ
วิทยาศาสตร์การแพทย์ และสุขภาพ
WB13 ป446ค ฉ.8 
  Barcode: 037895
ห้องสมุดวิทยาเขตสวรรค์ประชารักษ์
►ส่วนจัดเก็บหนังสือเก่า สปร
บนชั้น
  ขอยืม
9. วิทยาศาสตร์การแพทย์ และสุขภาพ
วิทยาศาสตร์การแพทย์ และสุขภาพ
WB13 ป446ค ฉ.9 
  Barcode: 037896
ห้องสมุดวิทยาเขตสวรรค์ประชารักษ์
►ส่วนจัดเก็บหนังสือเก่า สปร
บนชั้น
  ขอยืม

รายการใกล้เคียง
    ผู้แต่ง [ปราณี ทู้ไพเราะ]

BibComment


ยังไม่เคยถูกคอมเมนท์

คอมเมนท์ทรัพยากรรายการนี้
  คอมเมนท์: คำศัพท์คำย่อทางก..


 Copyright 2026. Bcnsprnw @Library